[Event "Indian Summer"]
[Site "SchemingMind.com"]
[Date "2014.10.01"]
[Round "-"]
[White "Scooter"]
[Black "David Perna-Fraser"]
[Result "0-1"]
[WhiteCountry "USA"]
[BlackCountry "CAN"]
[WhiteElo "1752"]
[WhiteRD "44"]
[BlackElo "2156"]
[BlackRD "66"]
[GameID "366203"]

1. d4 f5 2. Nf3 Nf6 3. Bf4 e6 4. e3 Be7 5. Be2 O-O 6. O-O b6 7. Nbd2 Bb7 8. h3 Nd5 9. Bg3 f4 10. exf4 Nxf4
11. Bxf4 Rxf4 12. c3 c5 13. Re1 Nc6 14. Bb5 cxd4 15. Bxc6 Bxc6 16. Nxd4 Bd5 17. N2f3 Bc5 18. b4 Bxd4 19. Nxd4 Qg5 20. f3 a5
21. Kh2 axb4 22. Ne2 bxc3 23. Nxf4 Qxf4+ 24. Kh1 Qc4 25. Qe2 b5 26. Qxc4 Bxc4 27. a3 d5 28. Kg1 d4 29. Red1 d3 30. Kf2 c2
31. Rdc1 b4
0-1

[Event "Indian Summer"]
[Site "SchemingMind.com"]
[Date "2014.10.01"]
[Round "-"]
[White "David Perna-Fraser"]
[Black "Scooter"]
[Result "1-0"]
[WhiteCountry "CAN"]
[BlackCountry "USA"]
[WhiteElo "2156"]
[WhiteRD "66"]
[BlackElo "1752"]
[BlackRD "44"]
[GameID "366204"]

1. e4 c6 2. d4 d5 3. exd5 cxd5 4. Bd3 Nf6 5. Nf3 Bg4 6. h3 Bxf3 7. Qxf3 e6 8. O-O Be7 9. Bf4 O-O 10. Nd2 Nc6
11. c3 h6 12. a4 a6 13. b4 Bd6 14. b5 Bxf4 15. Qxf4 axb5 16. axb5 Rxa1 17. Rxa1 Ne7 18. Nf3 Ng6 19. Bxg6 fxg6 20. Qe3 Ne4
21. Nd2 Nxd2 22. Qxd2 Qd7 23. Qd3 Qf7 24. Ra2 Qf5 25. Qxf5 Rxf5 26. Ra7 Rf7 27. Kf1 g5 28. Ke2 Kh7 29. Ke3 Kg6 30. Ra8 h5
31. Re8 Kf6 32. Rh8 g6 33. b6 Kg7 34. Rc8 Kf6 35. Rc7 Re7 36. Kd3 Kf7 37. c4 Ke8 38. Rxe7+ Kxe7 39. c5 Kd7 40. Kc3
1-0

[Event "Indian Summer"]
[Site "SchemingMind.com"]
[Date "2014.10.08"]
[Round "-"]
[White "emvarela"]
[Black "Scooter"]
[Result "1/2-1/2"]
[WhiteCountry "ARG"]
[BlackCountry "USA"]
[WhiteElo "1700"]
[WhiteRD "51"]
[BlackElo "1759"]
[BlackRD "48"]
[GameID "366423"]

1. e4 c6 2. d4 d5 3. exd5 cxd5 4. c4 Nf6 5. Nc3 e6 6. cxd5 Nxd5 7. Nxd5 Qxd5 8. Nf3 Bb4+ 9. Bd2 Bxd2+ 10. Qxd2 O-O
11. b3 Nd7 12. Bc4 Qe4+ 13. Qe3 Nf6 14. Qxe4 Nxe4 15. O-O a6 16. Rfe1 Nf6 17. Ne5 b5 18. Bd3 Bb7 19. Rad1 Rac8 20. f3 Rfd8
21. Be4 Bxe4 22. fxe4 Rc2 23. a4 Nd7 24. Nxd7 Rxd7 25. d5 exd5 26. exd5 Kf8 27. axb5 axb5 28. Re3 b4 29. h3 Rc3 30. Rdd3 Rxd5
31. Rxc3 bxc3 32. Rxc3 Rb5 33. Re3 f5 34. g3 Kf7 35. Kf2 g5 36. Kf3 h5 37. g4 f4 38. Rc3 h4 39. Ke4 Ke6 40. Kd4 Kd6=
1/2-1/2

[Event "Indian Summer"]
[Site "SchemingMind.com"]
[Date "2014.10.08"]
[Round "-"]
[White "Scooter"]
[Black "emvarela"]
[Result "1-0"]
[WhiteCountry "USA"]
[BlackCountry "ARG"]
[WhiteElo "1761"]
[WhiteRD "48"]
[BlackElo "1686"]
[BlackRD "48"]
[GameID "366424"]

1. d4 Nf6 2. Nf3 d5 3. Bf4 e6 4. e3 Bd6 5. Bxd6 Qxd6 6. c3 O-O 7. Be2 c5 8. O-O cxd4 9. cxd4 Nc6 10. Nbd2 Bd7
11. a3 Rac8 12. b4 a6 13. Rc1 Na7 14. Qb3 Rxc1 15. Rxc1 Rc8 16. Rxc8+
1-0

[Event "Indian Summer"]
[Site "SchemingMind.com"]
[Date "2014.10.08"]
[Round "-"]
[White "emvarela"]
[Black "David Perna-Fraser"]
[Result "0-1"]
[WhiteCountry "ARG"]
[BlackCountry "CAN"]
[WhiteElo "1700"]
[WhiteRD "51"]
[BlackElo "2215"]
[BlackRD "55"]
[GameID "366425"]

1. e4 e5 2. Nf3 Nf6 3. Nxe5 d6 4. Nf3 Nxe4 5. d4 d5 6. Bd3 Bd6 7. O-O O-O 8. c4 c6 9. Nc3 Nxc3 10. bxc3 dxc4
11. Bxc4 Bg4 12. h3 Bh5 13. Qd3 Bg6 14. Qe3 Re8 15. Qg5 Qxg5 16. Nxg5 h6 17. Nf3 Nd7 18. Bd2 b5 19. Bb3 a5 20. a4 Bd3
21. Rfe1 Nb6 22. axb5 Rxe1+ 23. Bxe1 cxb5 24. Ne5 Bxe5 25. dxe5 a4 26. Bd1 a3 27. Bb3 Bc4 28. Bxc4 Nxc4 29. f4 a2 30. Kf2 Ra4
31. g3 Na5
0-1

[Event "Indian Summer"]
[Site "SchemingMind.com"]
[Date "2014.10.08"]
[Round "-"]
[White "David Perna-Fraser"]
[Black "emvarela"]
[Result "1-0"]
[WhiteCountry "CAN"]
[BlackCountry "ARG"]
[WhiteElo "2203"]
[WhiteRD "58"]
[BlackElo "1686"]
[BlackRD "48"]
[GameID "366426"]

1. e4 e5 2. Nf3 Nc6 3. Bc4 Bc5 4. O-O d6 5. d3 Qe7 6. Nc3 Nf6 7. Bg5 h6 8. Nd5 Qf8 9. Bxf6 gxf6 10. Nxc7+ Kd7
11. Nxa8 a6 12. c3 b5 13. d4 exd4 14. cxd4 bxc4 15. dxc5
1-0

[Event "Indian Summer"]
[Site "SchemingMind.com"]
[Date "2014.10.13"]
[Round "-"]
[White "Andoni Zabala"]
[Black "emvarela"]
[Result "1/2-1/2"]
[WhiteCountry "INT"]
[BlackCountry "ARG"]
[WhiteElo "1827"]
[WhiteRD "95"]
[BlackElo "1695"]
[BlackRD "49"]
[GameID "366697"]

1. e4 e5 2. Nf3 Nc6 3. Bc4 Bc5 4. b4 Bb6 5. a4 a6 6. Nc3 d6 7. Nd5 Nge7 8. a5 Ba7 9. b5 axb5 10. Bxb5 Bd7
11. O-O Nxd5 12. exd5 Ne7 13. Bxd7+ Qxd7 14. c4 b5 15. d4 bxc4 16. dxe5 dxe5 17. Nxe5 Qxd5 18. Qa4+ c6 19. Ba3 Qb5 20. Qxc4 Qxc4
21. Nxc4 Nd5 22. Rfe1+ Kd7 23. Rad1 Rhe8 24. Kf1 Rxe1+ 25. Kxe1 Re8+ 26. Kf1 Re4 27. Nb6+ Bxb6 28. axb6 Kc8 29. Rc1 Kb7 30. Bc5 Nf4
31. f3 Ra4 32. Rd1 Nd5 33. Kf2 Nxb6 34. g4 Nd5 35. Rb1+ Kc7 36. Kg3 Kd7 37. h4 g6 38. g5 Rc4 39. Rb7+ Ke6 40. Bf2 Nf4
41. Rb8 Nh5+ 42. Kg2 Nf4+ 43. Kg3 Nh5+ 44. Kg2 Nf4+ 45. Kg3 Nh5+
1/2-1/2

[Event "Indian Summer"]
[Site "SchemingMind.com"]
[Date "2014.10.13"]
[Round "-"]
[White "emvarela"]
[Black "Andoni Zabala"]
[Result "0-1"]
[WhiteCountry "ARG"]
[BlackCountry "INT"]
[WhiteElo "1695"]
[WhiteRD "49"]
[BlackElo "1827"]
[BlackRD "95"]
[GameID "366698"]

1. e4 c6 2. d4 d5 3. exd5 cxd5 4. c4 e6 5. cxd5 exd5 6. Nc3 Bb4 7. Bb5+ Nc6 8. Bxc6+ bxc6 9. Qe2+ Ne7 10. a3 Bxc3+
11. bxc3 O-O 12. Nf3 a5 13. O-O Ba6 14. Qc2 Bxf1 15. Kxf1 Qc7 16. g3 Ng6 17. Qf5 Qc8 18. Qxc8 Raxc8 19. Rb1 Rb8 20. Rxb8 Rxb8
21. Ke2 a4 22. Kd2 f6 23. Kc2 Kf7 24. Nd2 Ke6 25. Kd3 Kf5 26. h3 h5 27. f3 h4 28. Nf1 Rb1 29. Kc2 Rxc1+ 30. Kxc1 hxg3
31. Nxg3+ Kf4 32. Ne2+ Kxf3 33. Kd2 Kg2 34. Kd3 Kxh3 35. c4 Kg4 36. c5 Nf4+ 37. Nxf4 Kxf4
0-1

[Event "Indian Summer"]
[Site "SchemingMind.com"]
[Date "2014.10.08"]
[Round "-"]
[White "Andoni Zabala"]
[Black "Scooter"]
[Result "0-1"]
[WhiteCountry "INT"]
[BlackCountry "USA"]
[WhiteElo "1819"]
[WhiteRD "95"]
[BlackElo "1759"]
[BlackRD "48"]
[GameID "366699"]

1. e4 c6 2. d3 d5 3. Nd2 dxe4 4. dxe4 Nf6 5. g3 g6 6. Bg2 e6 7. Ngf3 Bg7 8. O-O O-O 9. e5 Nfd7 10. Re1 b5
11. c4 Bb7 12. b3 a6 13. Bb2 c5 14. Ne4 Bxe4 15. Rxe4 Nc6 16. cxb5 axb5 17. a4 bxa4 18. bxa4 Rb8 19. Bc3 Qc7 20. Qe1 Rfd8
21. a5 Na7 22. Bf1 Nb5 23. Bxb5 Rxb5 24. a6 Qa7 25. Rea4 Ra8 26. Nd2 Rb6 27. Nc4 Rc6 28. Qe4 Qc7 29. Ba5 Qc8 30. Nd6 Rxd6
31. exd6 Bxa1 32. Rxa1 Rxa6 33. Bc3 Rxa1+ 34. Bxa1 c4 35. Qd4 f6 36. f4 Kf7 37. g4 Qc5 38. Kf2 e5 39. Qxc5 Nxc5 40. fxe5 fxe5
41. Bxe5 Ke6 42. Bf4 Nd3+ 43. Ke3 Nxf4 44. Kxf4 Kxd6 45. Ke3 Kd5 46. h4 c3 47. g5 Ke5 48. Kd3 Kf4 49. Kxc3 Kg4 50. h5 Kxh5
0-1

[Event "Indian Summer"]
[Site "SchemingMind.com"]
[Date "2014.10.10"]
[Round "-"]
[White "Scooter"]
[Black "Andoni Zabala"]
[Result "1/2-1/2"]
[WhiteCountry "USA"]
[BlackCountry "INT"]
[WhiteElo "1759"]
[WhiteRD "48"]
[BlackElo "1819"]
[BlackRD "95"]
[GameID "366700"]

1. d4 Nf6 2. Nf3 g6 3. Bf4 Bg7 4. e3 O-O 5. Be2 c5 6. c3 d6 7. O-O Nbd7 8. Nbd2 Nh5 9. Bg5 h6 10. Bh4 g5
11. Bg3 Ndf6 12. h3 Nxg3 13. fxg3 Qb6 14. Qb3 Be6 15. Qxb6 axb6 16. Bc4 Bxc4 17. Nxc4 b5 18. Ncd2 b4 19. cxb4 cxb4 20. a3 b5
21. g4 Rfc8 22. axb4 Nd5 23. Rxa8 Rxa8 24. Kf2 Nxb4 25. Ke2 e5 26. dxe5 dxe5 27. b3 Ra2 28. Rc1 e4 29. Nd4 Bxd4 30. exd4 Rc2
31. Rxc2 Nxc2 32. Nxe4 Nxd4+ 33. Kd3 Nxb3 34. Nd6 Nc5+ 35. Kc3 b4+ 36. Kxb4 Nd3+ 37. Kc3 Nf4 38. Nf5 Kh7 39. Kd4 Nxg2 40. Ke5 Nf4
41. h4 Ng6+ 42. Kf6 Nxh4 43. Kxf7 Nf3 44. Kf6 Nh4 45. Ng3 Kg8 46. Ne4 Kh8 47. Nxg5=
1/2-1/2

[Event "Indian Summer"]
[Site "SchemingMind.com"]
[Date "2014.10.08"]
[Round "-"]
[White "Andoni Zabala"]
[Black "David Perna-Fraser"]
[Result "0-1"]
[WhiteCountry "INT"]
[BlackCountry "CAN"]
[WhiteElo "1869"]
[WhiteRD "98"]
[BlackElo "2203"]
[BlackRD "58"]
[GameID "366701"]

1. e4 e5 2. Nf3 Nf6 3. Nxe5 d6 4. Nf3 Nxe4 5. Nc3 Nxc3 6. dxc3 Be7 7. Bf4 c5 8. Bc4 O-O 9. Qd2 Nd7 10. O-O-O Nb6
11. Be2 d5 12. Rhe1 Be6 13. b3 a5 14. Bb5 a4 15. c4 axb3 16. axb3 Bf6 17. Be5 Bxe5 18. Nxe5 Qf6 19. Kb2 dxc4 20. Qc3 cxb3
21. cxb3 Qxf2+ 22. Re2 Qf6 23. Rd6 Nd5 24. Qxc5 Qf1 25. Rxd5 Qa1+ 26. Kc2 Rac8 27. Nc6 bxc6 28. Bxc6 Bxd5 29. Qxd5 Qa6
0-1

[Event "Indian Summer"]
[Site "SchemingMind.com"]
[Date "2014.10.10"]
[Round "-"]
[White "David Perna-Fraser"]
[Black "Andoni Zabala"]
[Result "1/2-1/2"]
[WhiteCountry "CAN"]
[BlackCountry "INT"]
[WhiteElo "2203"]
[WhiteRD "58"]
[BlackElo "1869"]
[BlackRD "98"]
[GameID "366702"]

1. e4 c6 2. d4 d5 3. exd5 cxd5 4. Bd3 Nf6 5. Nf3 Bg4 6. h3 Bh5 7. Bf4 e6 8. O-O Nc6 9. c3 Bd6 10. Bxd6 Qxd6
11. Re1 Bxf3 12. Qxf3 O-O 13. Nd2 Ne7 14. a4 a6 15. a5 Ng6 16. Bxg6 hxg6 17. Nb3 Nd7 18. Qe3 b5 19. Nc5 Rfc8 20. Nd3 Ra7
21. Qg3 Qc7 22. Qxc7 Raxc7 23. h4 Kh7 24. g3 Re8 25. Kg2 Kh6 26. Kh3 g5 27. hxg5+ Kxg5 28. Kg2=
1/2-1/2

[Event "Indian Summer"]
[Site "SchemingMind.com"]
[Date "2014.10.12"]
[Round "-"]
[White "CLewis73"]
[Black "Andoni Zabala"]
[Result "0-1"]
[WhiteCountry "ENG"]
[BlackCountry "INT"]
[WhiteElo "1789"]
[WhiteRD "73"]
[BlackElo "1869"]
[BlackRD "98"]
[GameID "366896"]

1. e4 c6 2. d4 d5 3. Nf3 dxe4 4. Ng5 h6 5. Nxe4 Bf5 6. Ng3 e6 7. Nxf5 exf5 8. Bc4 Nf6 9. O-O Be7 10. c3 O-O
11. Bf4 Nd5 12. Bxd5 Qxd5 13. Nd2 g5 14. Bxb8 Raxb8 15. Qh5 Kg7 16. Nf3 Rbe8 17. Ne5 Bf6 18. Nd3 b6 19. Qf3 Re4 20. a3 Rfe8
21. Rae1 a5 22. Qd1 c5 23. f3 Rxe1 24. Rxe1 Rxe1+ 25. Nxe1 cxd4
0-1

[Event "Indian Summer"]
[Site "SchemingMind.com"]
[Date "2014.10.13"]
[Round "-"]
[White "Andoni Zabala"]
[Black "CLewis73"]
[Result "0-1"]
[WhiteCountry "INT"]
[BlackCountry "ENG"]
[WhiteElo "1869"]
[WhiteRD "98"]
[BlackElo "1789"]
[BlackRD "73"]
[GameID "366897"]

1. e4 d5 2. exd5 Nf6 3. d4 Bg4 4. Nf3 Qxd5 5. Be2 Nc6 6. c4 Qa5+ 7. Bd2 Qh5 8. h3 O-O-O 9. d5 Bxf3 10. Bxf3 Qe5+
11. Qe2 Qxe2+ 12. Bxe2 Nd4 13. Bd3 e5 14. Nc3 Bb4 15. f3 c6 16. Be4 Nxe4 17. fxe4 Nc2+ 18. Ke2 Nxa1 19. Rxa1 Rhe8 20. a3 Bxc3
21. Bxc3 cxd5 22. cxd5 f5 23. Kf3 g6 24. g4 f4 25. Rc1 Kd7 26. a4 Rc8 27. Rd1 b6 28. Rd3 a5 29. b4 axb4 30. Bxb4 Rc4
31. Rb3 Ra8 32. a5 bxa5 33. Bc3 a4 34. Rb7+ Kc8
0-1

[Event "Indian Summer"]
[Site "SchemingMind.com"]
[Date "2014.10.14"]
[Round "-"]
[White "CLewis73"]
[Black "emvarela"]
[Result "1-0"]
[WhiteCountry "ENG"]
[BlackCountry "ARG"]
[WhiteElo "1789"]
[WhiteRD "73"]
[BlackElo "1686"]
[BlackRD "48"]
[GameID "366898"]

1. e4 e5 2. f4 exf4 3. Bc4 Qh4+ 4. Kf1 b5 5. Nf3 Qh5 6. Bb3 Bb7 7. Nc3 Bc5 8. d4 Bb4 9. Qd3 Na6 10. Bxf4 Bxc3
11. bxc3 f6 12. a4
1-0

[Event "Indian Summer"]
[Site "SchemingMind.com"]
[Date "2014.10.14"]
[Round "-"]
[White "emvarela"]
[Black "CLewis73"]
[Result "0-1"]
[WhiteCountry "ARG"]
[BlackCountry "ENG"]
[WhiteElo "1700"]
[WhiteRD "51"]
[BlackElo "1793"]
[BlackRD "77"]
[GameID "366899"]

1. e4 e5 2. Nf3 f5 3. d4 fxe4 4. Nxe5 Nf6 5. Bg5 d6 6. Bxf6 Qxf6 7. Nc4 Be7 8. Nc3 O-O 9. Qd2 c6 10. Ne3 d5
11. O-O-O Qxf2 12. Qxf2 Rxf2 13. Be2 Bg5 14. Kd2 Be6 15. g3 Nd7 16. Rdf1 Raf8 17. Rxf2 Rxf2 18. h4 Be7 19. Rf1 Rxf1 20. Bxf1 Bb4
21. a3 Ba5 22. b4 Bc7 23. g4 Bf4 24. Bh3 Nf6 25. Ne2 Bxe3+ 26. Kxe3 Bxg4 27. Bxg4 Nxg4+ 28. Kf4 Nh2 29. Ng3 Nf3 30. c3 Nxh4
31. Ne2 Kf7 32. Ke5 Ke7 33. c4 Ng6+ 34. Kf5 dxc4 35. Kxe4 Ke6 36. Ke3 b5
0-1

[Event "Indian Summer"]
[Site "SchemingMind.com"]
[Date "2014.10.12"]
[Round "-"]
[White "CLewis73"]
[Black "Scooter"]
[Result "0-1"]
[WhiteCountry "ENG"]
[BlackCountry "USA"]
[WhiteElo "1765"]
[WhiteRD "76"]
[BlackElo "1752"]
[BlackRD "44"]
[GameID "366900"]

1. e4 c6 2. d4 d5 3. Nf3 dxe4 4. Ng5 Bf5 5. Bc4 Bg6 6. a4 h6 7. Nh3 e6 8. O-O Nf6 9. Nc3 Bb4 10. Nf4 Bh7
11. Nh5 Nxh5 12. Qxh5 Bg6 13. Qd1 Bxc3 14. bxc3 O-O 15. Rb1 b6 16. Ba3 Re8 17. f3 exf3 18. Qxf3 Qc7 19. Rf2 Nd7 20. Bc1 Nf6
21. Bf4 Qd7 22. Bd3 Bxd3 23. cxd3 Nd5 24. Bd2 c5 25. dxc5 bxc5 26. Qg3 Kh8 27. c4 Nb6 28. a5 Nc8 29. Rb5 Nd6 30. Rxc5 Nf5
31. Qf3 Kg8 32. Bc3 Rac8 33. Rxc8 Rxc8 34. g4 Nd6 35. Qe3 Qa4 36. Qd4 Ne8 37. h3 a6 38. Kg2 Qc6+ 39. Kh2 Qd6+ 40. Qxd6 Nxd6
41. Bb4 Nb7 42. Rc2 Nc5 43. Bxc5 Rxc5 44. Ra2 e5 45. Kg3 g5 46. Kf3 Kg7 47. Ke4 Kf6 48. Ra4 Ke6 49. d4 exd4 50. Kxd4 Kd6
51. Ke4 f6 52. Kd4 f5 53. gxf5 Rxf5 54. Rb4 Rf4+ 55. Ke3 Kc5 56. Rb6 Rh4 57. Rxa6 Kxc4 58. Rg6 Rxh3+ 59. Kf2 Kd5 60. a6 Ke5
61. a7 Ra3 62. Rg8 Rxa7 63. Rg6 Rf7+ 64. Kg3 Rf6 65. Rg7 Kf5
0-1

[Event "Indian Summer"]
[Site "SchemingMind.com"]
[Date "2014.10.12"]
[Round "-"]
[White "Scooter"]
[Black "CLewis73"]
[Result "1/2-1/2"]
[WhiteCountry "USA"]
[BlackCountry "ENG"]
[WhiteElo "1752"]
[WhiteRD "44"]
[BlackElo "1765"]
[BlackRD "76"]
[GameID "366901"]

1. d4 d5 2. Nf3 e6 3. Bf4 c5 4. e3 Qb6 5. b3 Nf6 6. Bd3 Bd6 7. Bxd6 Qxd6 8. O-O Nc6 9. dxc5 Qxc5 10. c4 O-O
11. Nbd2 dxc4 12. Bxc4 Rd8 13. Qe2 a6 14. Rac1 Qe7 15. Rfd1 b5 16. Bd3 Bb7 17. Ne4 Nb4 18. Nxf6+ Qxf6 19. Bb1 Bxf3 20. Qxf3 Qxf3
21. gxf3 Rxd1+ 22. Rxd1 Nd5 23. Be4 Nc3 24. Bxa8 Nxd1 25. b4 Nc3 26. Bb7 Nxa2 27. Bxa6 Nxb4 28. Bxb5=
1/2-1/2

[Event "Indian Summer"]
[Site "SchemingMind.com"]
[Date "2014.10.14"]
[Round "-"]
[White "CLewis73"]
[Black "David Perna-Fraser"]
[Result "0-1"]
[WhiteCountry "ENG"]
[BlackCountry "CAN"]
[WhiteElo "1765"]
[WhiteRD "76"]
[BlackElo "2156"]
[BlackRD "66"]
[GameID "366902"]

1. e4 e5 2. f4 exf4 3. Bc4 Nc6 4. d4 Nf6 5. e5 d5 6. Bb3 Bg4 7. Qd3 Nh5 8. Nh3 Qh4+ 9. Nf2 O-O-O 10. O-O f3
11. g3 Nxg3 12. Nxg4 Ne2+ 13. Kh1 Qxg4 14. Qxf3 Qxf3+ 15. Rxf3 Nxc1 16. c3 Nxb3 17. axb3 f6 18. exf6 gxf6 19. Rxf6 Bd6 20. Nd2 Rdf8
21. Raf1 Rxf6 22. Rxf6 Rf8 23. Rxf8+ Bxf8 24. Nf3 Bh6
0-1

[Event "Indian Summer"]
[Site "SchemingMind.com"]
[Date "2014.10.14"]
[Round "-"]
[White "David Perna-Fraser"]
[Black "CLewis73"]
[Result "1-0"]
[WhiteCountry "CAN"]
[BlackCountry "ENG"]
[WhiteElo "2156"]
[WhiteRD "66"]
[BlackElo "1765"]
[BlackRD "76"]
[GameID "366903"]

1. e4 e5 2. Nf3 f5 3. Nxe5 Qf6 4. d4 d6 5. Nc4 fxe4 6. Nc3 Qg6 7. f3 exf3 8. Qxf3 Nc6 9. Bd3 Qg4 10. Qxg4 Bxg4
11. O-O Nb4 12. Nb5 Kd7 13. Ne3 Nxd3 14. cxd3 Bh5 15. Bd2 Nf6 16. d5 Bg6 17. Rfc1 c5 18. dxc6+ bxc6 19. Nd4 Rc8 20. Ndf5 Bxf5
21. Nxf5 Nd5 22. Ne3 Nf4 23. Rf1 Nxd3 24. Bc3 Ne5 25. Rad1 Ke8 26. Bxe5 dxe5 27. Rf5 g6 28. Rxe5+ Be7 29. Nc4 Rc7 30. Nd6+ Kf8
31. Rf1+ Kg8 32. Nf7 Bc5+ 33. Rxc5 Rxf7 34. Rxc6 Rd7 35. Rfc1 Kf7 36. Rc7 Rd8 37. Rxd7+ Rxd7 38. Rc2 Ke8 39. Kf2 Rf7+ 40. Ke3 Re7+
41. Kd3 Rd7+ 42. Kc3 Rc7+ 43. Kb3 Rxc2 44. Kxc2 Kd7 45. Kd3 Kd6 46. Kd4 h6 47. b4
1-0

[Event "Indian Summer"]
[Site "SchemingMind.com"]
[Date "2014.10.13"]
[Round "-"]
[White "CLewis73"]
[Black "Glenn O'Brien"]
[Result "0-1"]
[WhiteCountry "ENG"]
[BlackCountry "AUS"]
[WhiteElo "1789"]
[WhiteRD "73"]
[BlackElo "2013"]
[BlackRD "77"]
[GameID "366913"]

1. e4 e5 2. d4 exd4 3. Nf3 Nc6 4. c3 dxc3 5. Nxc3 Bb4 6. Bc4 d6 7. O-O Bxc3 8. bxc3 Nf6 9. Re1 O-O 10. Bg5 Bg4
11. h3 Bxf3 12. Qxf3 Ne5 13. Qe2 Qd7 14. Bxf6 gxf6 15. Bb3 f5 16. exf5 Qxf5 17. Bc2 Qf4 18. Rad1 Rfe8 19. Qh5 h6 20. Re3 Kh8
21. Rd4 Qg5 22. Qe2 Qe7 23. Qh5 Qg5 24. Rh4 Qxh5 25. Rxh5 Kg7 26. Rg3+ Ng6 27. Kf1 Re5 28. Rxe5 dxe5 29. Bxg6 fxg6 30. Rd3 Kf6
31. Rd7 Rc8 32. Ke2 h5 33. Ke3 Kf5 34. g3 Ke6 35. Rg7 Kf6 36. Rd7 Kf5 37. f4 exf4+ 38. gxf4 Kf6 39. Ke4 Re8+ 40. Kd4 Re7
41. Rxe7 Kxe7 42. Ke5 Kf7 43. h4 a5 44. f5 gxf5 45. c4 Kg6 46. a4 c5
0-1

[Event "Indian Summer"]
[Site "SchemingMind.com"]
[Date "2014.10.12"]
[Round "-"]
[White "Glenn O'Brien"]
[Black "CLewis73"]
[Result "1-0"]
[WhiteCountry "AUS"]
[BlackCountry "ENG"]
[WhiteElo "1964"]
[WhiteRD "84"]
[BlackElo "1765"]
[BlackRD "76"]
[GameID "366914"]

1. e4 d5 2. exd5 Nf6 3. d4 Bg4 4. Nf3 Qxd5 5. Be2 Qa5+ 6. c3 Nbd7 7. O-O O-O-O 8. Ng5 Bxe2 9. Qxe2 Rg8 10. Nxf7 Re8
11. Re1 g6 12. Nd2 Qh5 13. Qxh5 Nxh5 14. Ng5 h6 15. Ne6 g5 16. Nf3 Bg7 17. h4 Nf4 18. Bxf4 gxf4 19. Re4 Bf6 20. Rae1
1-0

[Event "Indian Summer"]
[Site "SchemingMind.com"]
[Date "2014.10.13"]
[Round "-"]
[White "Andoni Zabala"]
[Black "Glenn O'Brien"]
[Result "0-1"]
[WhiteCountry "INT"]
[BlackCountry "AUS"]
[WhiteElo "1869"]
[WhiteRD "98"]
[BlackElo "2013"]
[BlackRD "77"]
[GameID "366915"]

1. e4 e5 2. Nf3 Nc6 3. Bc4 Nf6 4. O-O Bc5 5. b4 Bxb4 6. c3 Ba5 7. Re1 O-O 8. d4 d6 9. Qb3 exd4 10. Bg5 Qe8
11. e5 dxe5 12. Kf1 Bf5 13. Nxe5 Nxe5 14. f4 Ne4 15. Rxe4 Bxe4 16. Nd2 Nxc4 17. Nxe4 Ne3+ 18. Kf2 Qxe4 19. cxd4 Qxg2+ 20. Kxe3 Rae8+
21. Kd3 Qe2#
0-1

[Event "Indian Summer"]
[Site "SchemingMind.com"]
[Date "2014.10.12"]
[Round "-"]
[White "Glenn O'Brien"]
[Black "Andoni Zabala"]
[Result "1-0"]
[WhiteCountry "AUS"]
[BlackCountry "INT"]
[WhiteElo "2047"]
[WhiteRD "76"]
[BlackElo "1819"]
[BlackRD "95"]
[GameID "366916"]

1. e4 c6 2. d4 d5 3. Nc3 dxe4 4. Nxe4 Bf5 5. Ng3 Bg6 6. h4 h6 7. Nf3 e6 8. Ne5 Ne7 9. Nxg6 Nxg6 10. h5 Nh4
11. c4 Bb4+ 12. Bd2 a5 13. Bxb4 axb4 14. Qg4 Nf5 15. Nxf5 exf5 16. Qxg7 Qe7+ 17. Be2 Qf8 18. Qe5+ Kd8 19. Qf6+ Kc7 20. Qxf5 Nd7
21. O-O Qe7 22. Rfe1 Rhg8 23. Bg4 Qd6 24. c5 Qxd4 25. Re4 Qd5 26. Qf4+ Kd8 27. Rd1 Rxg4 28. Qxg4 f5 29. Qh4+
1-0

[Event "Indian Summer"]
[Site "SchemingMind.com"]
[Date "2014.10.14"]
[Round "-"]
[White "Glenn O'Brien"]
[Black "emvarela"]
[Result "1-0"]
[WhiteCountry "AUS"]
[BlackCountry "ARG"]
[WhiteElo "2013"]
[WhiteRD "77"]
[BlackElo "1686"]
[BlackRD "48"]
[GameID "366917"]

1. e4 e5 2. Nf3 Nc6 3. Bb5 a6 4. Ba4 Nf6 5. O-O Be7 6. Re1 b5 7. Bb3 d6 8. c3 Na5 9. Bc2 c5 10. d4 Bg4
11. dxe5 dxe5 12. Qxd8+ Rxd8 13. Nxe5 Bd6 14. Nxg4 Nxg4 15. h3 Ne5 16. b3 O-O 17. Be3 c4 18. Bb6 Nac6 19. Bxd8 Rxd8 20. Rd1 cxb3
21. axb3
1-0

[Event "Indian Summer"]
[Site "SchemingMind.com"]
[Date "2014.10.16"]
[Round "-"]
[White "emvarela"]
[Black "Glenn O'Brien"]
[Result "0-1"]
[WhiteCountry "ARG"]
[BlackCountry "AUS"]
[WhiteElo "1700"]
[WhiteRD "51"]
[BlackElo "2047"]
[BlackRD "76"]
[GameID "366918"]

1. e4 e5 2. Nf3 Nc6 3. Bb5 a6 4. Bxc6 dxc6 5. O-O Bg4 6. h3 Bxf3 7. Qxf3 Nf6 8. d3 Be7 9. Be3 O-O 10. Nd2 h6
11. Rad1 Qc8 12. d4 Qe6 13. dxe5 Qxe5 14. c3 Bd6 15. g3 Qe6 16. Bd4 Ne8 17. a3 Qxh3 18. e5 Be7 19. Ne4 f5 20. Nd2 Rd8
21. Qg2 Qh5 22. f4 g5 23. Kf2 Ng7 24. Rh1 Qg6 25. fxg5 Bxg5 26. Nf3 f4 27. Nxg5 fxg3+ 28. Kg1 Qxg5 29. Qe2 Ne6 30. Rh5 Qf4
31. Kg2 c5 32. Rdh1 cxd4 33. Rxh6 Qxh6 34. Qg4+ Qg5 35. Qxe6+ Kg7
0-1

[Event "Indian Summer"]
[Site "SchemingMind.com"]
[Date "2014.10.12"]
[Round "-"]
[White "Glenn O'Brien"]
[Black "Scooter"]
[Result "1-0"]
[WhiteCountry "AUS"]
[BlackCountry "USA"]
[WhiteElo "2013"]
[WhiteRD "77"]
[BlackElo "1761"]
[BlackRD "48"]
[GameID "366919"]

1. e4 c6 2. d4 d5 3. Nc3 dxe4 4. Nxe4 Bf5 5. Ng3 Bg6 6. h4 h6 7. Nf3 Nd7 8. h5 Bh7 9. Bd3 Bxd3 10. Qxd3 Qc7
11. Bd2 O-O-O 12. O-O-O Ngf6 13. Qe2 e6 14. Ne5 Nxe5 15. dxe5 Nd7 16. f4 Be7 17. Be3 Bc5 18. Ne4 Be7 19. Bf2 Nb6 20. Qg4 Rhg8
21. Rxd8+ Qxd8 22. Rd1 Qc7 23. Qg3 Kb8 24. Bg1 Nd5 25. c4 Nxf4 26. Qxf4 f5 27. Nd2 Rd8 28. Nf3 Rxd1+ 29. Kxd1 Qd7+ 30. Qd4
1-0

[Event "Indian Summer"]
[Site "SchemingMind.com"]
[Date "2014.10.13"]
[Round "-"]
[White "Scooter"]
[Black "Glenn O'Brien"]
[Result "0-1"]
[WhiteCountry "USA"]
[BlackCountry "AUS"]
[WhiteElo "1761"]
[WhiteRD "48"]
[BlackElo "2013"]
[BlackRD "77"]
[GameID "366920"]

1. d4 Nf6 2. Bf4 d5 3. Nf3 e6 4. e3 c5 5. c3 Nc6 6. Bb5 Bd7 7. O-O Be7 8. Nbd2 O-O 9. Bxc6 Bxc6 10. Ne5 Nd7
11. Ndf3 Bb5 12. Re1 f6 13. Nxd7 Qxd7 14. h3 cxd4 15. cxd4 Bb4 16. Nd2 Rac8 17. a3 Ba5 18. b4 Bc7 19. Bxc7 Rxc7 20. Rc1 Rfc8
21. Rxc7 Qxc7 22. a4 Bd3 23. Qa1 Qc2 24. Nf3 Qb3 25. b5 Rc2 26. Rc1 Rb2 27. Nd2 Rxd2
0-1

[Event "Indian Summer"]
[Site "SchemingMind.com"]
[Date "2014.10.14"]
[Round "-"]
[White "Glenn O'Brien"]
[Black "David Perna-Fraser"]
[Result "0-1"]
[WhiteCountry "AUS"]
[BlackCountry "CAN"]
[WhiteElo "2047"]
[WhiteRD "76"]
[BlackElo "2215"]
[BlackRD "55"]
[GameID "366921"]

1. e4 e5 2. Nf3 Nf6 3. Nxe5 d6 4. Nf3 Nxe4 5. d4 d5 6. Bd3 Bd6 7. O-O O-O 8. c4 c6 9. cxd5 cxd5 10. Nc3 Nxc3
11. bxc3 Nc6 12. h3 Re8 13. Rb1 h6 14. Re1 b6 15. Rxe8+ Qxe8 16. Rb2 Be6 17. Re2 Qd7 18. Ne5 Nxe5 19. dxe5 Be7 20. Be3 Rc8
21. Rc2 Bf5 22. Rd2 Rxc3 23. Bxf5 Qxf5 24. Rxd5 Ra3 25. Qa1 Qe6 26. Rd2 Ra5 27. f4 Ra3 28. Bd4 Bb4 29. Rc2 Rd3 30. Bf2 Bd2
31. Qf1 Qg6 32. Rc8+ Kh7 33. Rc6 Qe4 34. Rc7 Bxf4 35. Rxf7 Bxe5 36. Rxa7 Rd2 37. Qe1 Qd5 38. Rd7 Qxd7 39. Qxe5 Rd1+ 40. Kh2 Qd6
41. Qxd6 Rxd6 42. a4 Kg6 43. Kg3 Kf5 44. Bg1 Rd3+ 45. Kh4 Ra3 46. Bxb6 Rxa4+ 47. Kh5 Ra3 48. Bc7 Ra6 49. g4+ Kf6 50. Bd8+ Kf7
51. Bc7 Rc6 52. Bf4 g5 53. Be5 Re6 54. Bd4 Re4 55. Bb2 Re6 56. Bd4 Kg8 57. h4 gxh4 58. Kxh4 Kh7 59. Kg3 Kg6 60. Kf4 Ra6
61. Kf3 Kg5 62. Be3+ Kh4 63. Kf4 Re6 64. Bd2 Rf6+ 65. Ke5 Rg6 66. Kf5 Rg5+ 67. Bxg5+ hxg5
0-1